000 00740nam a22002177a 4500
999 _c16399
_d16399
003 AR-CdUCM
008 190503b ||||| |||| 00| 0 spa d
040 _aMUNICIPALIDAD PROVINCIAL DEL CUSCO
_cBIBLIOTECA MUNICIPAL DEL CUSCO
082 _25ed.
_a190 /
_bB64
100 _aBochenski, I. M.
_935825
245 _aLa filosofía actual /
260 _aMéxico :
_bFondo de cultura económica,
_c1965.
300 _a338 páginas ;
_c18 cm.
505 _aContenido : La gestación de la filosofía contemporánea -- Filosofía de la materia -- Filosofía de la idea ...
650 _aFilosofía
_9395
650 _aMateria
_9883
650 _aVida
_9884
700 _aImaz, Eugenio
_96656
942 _2ddc
_cLIBROS
945 _arah
_d03/05/2019